000 00907nam a22002897a 4500
003 CHAP
005 20220329134526.0
008 971013s1977 r 00010 d
010 _a21631
011 _a22603
035 _a26698
040 _cCHAP
090 _aFolleto 11070
100 0 0 _aAshman, F.
_97927
245 _aInspection methods for detecting insect in stored produce
260 _aSlough, Eng. :
_bTropical Stored Products Centre,
_c(1977?)
590 _aBATCH-UPD
_b10
_c20130110
_lUCH01
_h1810
590 _aBATCH-UPD
_b10
_c20130410
_lUCH01
_h1145
590 _aBATCH-UPD
_b10
_c20130914
_lUCH01
_h1040
590 _aCONVERSION
_b10
_c20130109
_lUCH01
_h1313
650 1 4 _aControl de plagas.
_927595
650 1 4 _aInsectos.
_958888
650 1 4 _aProductos agrícolas
_xAlmacenamiento.
_991897
901 _aBK
942 _cFOLL
949 _aFolleto 11070
_bBC
_cFOLL
_d-61555
_eTS1
_i26698
_mD
_si
999 _c21631
_d21631